Foods That Start With B - Statistics

General Stats
  • This quiz has been taken 134 times
    103 since last reset
  • The average score is 8 of 15
Answer Stats
Hint Answer % Correct
Black Fruit Blackberry
90%
Round, Blue, Fruit Blueberry
89%
Fresh Herb Basil
88%
Vegetable That Looks Like a Tree Broccoli
85%
Famous Pork Product Bacon
76%
Product of the Cow Beef
73%
Crescent Shaped Frut Banana
71%
Italian Vinegar Balsamic Vinegar
61%
Type of Squash Butternut Squash
52%
Chinese Cabbage Bok Choy
43%
Mini Version of Broccoli Broccolini
24%
Fancy Rolls Brioche
21%
Kind of Cheese Bleu Cheese
11%
Grain Used in Jumbalaya Brown Rice
4%
Unusual Looking Citrus Buddha's Hand
2%
No matching quizzes found
Score Distribution
Percent of People with Each Score
Percentile by Number Answered
Your Score History
You have not taken this quiz since the last reset